| 000 | 00817cam a2200313 4500500 | ||
|---|---|---|---|
| 005 | 20260405003507.0 | ||
| 041 | _afre | ||
| 042 | _adc | ||
| 100 | 1 | 0 |
_aSorente, Isabelle _eauthor |
| 245 | 0 | 0 | _aQu’est-ce qui nous rend courageux ? |
| 260 | _c2022. | ||
| 500 | _a98 | ||
| 690 | _aAction | ||
| 690 | _aChoix | ||
| 690 | _acourage | ||
| 690 | _aDécision | ||
| 690 | _aFrançois Crémieux | ||
| 690 | _aHéroïsme | ||
| 690 | _aHéros | ||
| 690 | _aKiev | ||
| 690 | _aRésistance | ||
| 690 | _aRussie | ||
| 690 | _aSartre | ||
| 690 | _aSituation | ||
| 690 | _aUkraine | ||
| 690 | _aVertu | ||
| 786 | 0 | _nPhilosophie magazine | 159 | 5 | 2022-05-01 | p. 21-22 | 1951-1787 | |
| 856 | 4 | 1 | _uhttps://shs.cairn.info/magazine-philosophie-magazine-2022-5-page-21?lang=fr&redirect-ssocas=7080 |
| 999 |
_c2068083 _d2068083 |
||